The new evidence that demands a verdict / (Record no. 970)
[ view plain ]
| 000 -LEADER | |
|---|---|
| fixed length control field | 01115fam a2200325 a 4500 |
| 001 - CONTROL NUMBER | |
| control field | 4510588 |
| 003 - CONTROL NUMBER IDENTIFIER | |
| control field | GBCCL |
| 005 - DATE AND TIME OF LATEST TRANSACTION | |
| control field | 20241126110350.0 |
| 008 - FIXED-LENGTH DATA ELEMENTS--GENERAL INFORMATION | |
| fixed length control field | 990831s1999 tnu b 001 0 eng |
| 010 ## - | |
| -- | 99047181 |
| 020 ## - INTERNATIONAL STANDARD BOOK NUMBER | |
| International Standard Book Number | 0785242198 |
| 020 ## - INTERNATIONAL STANDARD BOOK NUMBER | |
| International Standard Book Number | 9798173626998 |
| 035 ## - SYSTEM CONTROL NUMBER | |
| System control number | (OCoLC)ocn686313385 |
| 035 ## - SYSTEM CONTROL NUMBER | |
| System control number | 4510588 |
| 040 ## - CATALOGING SOURCE | |
| Original cataloging agency | DLC |
| Transcribing agency | DLC |
| Modifying agency | CtY-D |
| 050 00 - | |
| -- | BS480 |
| -- | .M384 1999 |
| 082 00 - DEWEY DECIMAL CLASSIFICATION NUMBER | |
| Classification number | 239 |
| Edition information | 21 |
| Item number | MCD |
| 100 1# - MAIN ENTRY--PERSONAL NAME | |
| Personal name | McDowell, Josh. |
| 9 (RLIN) | 1225 |
| 245 14 - TITLE STATEMENT | |
| Title | The new evidence that demands a verdict / |
| Statement of responsibility, etc. | Josh McDowell. |
| 260 ## - PUBLICATION, DISTRIBUTION, ETC. | |
| Place of publication, distribution, etc. | Nashville, Tenn. : |
| Name of publisher, distributor, etc. | Thomas Nelson, |
| Date of publication, distribution, etc. | c1999. |
| 260 ## - PUBLICATION, DISTRIBUTION, ETC. | |
| Place of publication, distribution, etc. | Secunderabad : |
| Name of publisher, distributor, etc. | Authentic, |
| Date of publication, distribution, etc. | 2016. |
| 300 ## - PHYSICAL DESCRIPTION | |
| Extent | liii, 760 p. ; |
| Dimensions | 25 cm. |
| 500 ## - GENERAL NOTE | |
| General note | "Evidence I & II fully updated in one volume to answer questions challenging Christians in the 21st century"--Cover. |
| 504 ## - BIBLIOGRAPHY, ETC. NOTE | |
| Bibliography, etc. note | Includes bibliographical references and indexes. |
| 541 ## - | |
| -- | Gift; |
| -- | Gift of Josh D. McDowell; |
| -- | 2000. |
| 630 00 - SUBJECT ADDED ENTRY--UNIFORM TITLE | |
| Uniform title | Bible |
| General subdivision | Evidences, authority, etc. |
| 9 (RLIN) | 351 |
| 650 #0 - SUBJECT ADDED ENTRY--TOPICAL TERM | |
| Topical term or geographic name entry element | Apologetics. |
| 9 (RLIN) | 85 |
| 700 1# - ADDED ENTRY--PERSONAL NAME | |
| Personal name | McDowell, Josh. |
| Title of a work | Evidence that demands a verdict. |
| 9 (RLIN) | 1603 |
| 942 ## - ADDED ENTRY ELEMENTS (KOHA) | |
| Source of classification or shelving scheme | Dewey Decimal Classification |
| Koha item type | Books |
| Koha issues (borrowed), all copies | 53 |
| Withdrawn status | Lost status | Source of classification or shelving scheme | Damaged status | Not for loan | Home library | Current Library | Shelving location | Date acquired | Total checkouts | Total renewals | Full call number | Barcode | Date last seen | Date last checked out | Copy number | Price effective from | Koha item type |
|---|---|---|---|---|---|---|---|---|---|---|---|---|---|---|---|---|---|
| Dewey Decimal Classification | GRACE BIBLE COLLEGE | GRACE BIBLE COLLEGE | Theology | 2017-03-31 | 32 | 2 | 239 MCD | 014284 | 2025-07-25 | 2025-07-23 | c.1 | 2017-03-31 | Books | ||||
| Dewey Decimal Classification | GRACE BIBLE COLLEGE | GRACE BIBLE COLLEGE | Theology | 2017-03-31 | 34 | 6 | 239 MCD | 014285 | 2025-05-01 | 2023-10-27 | c.2 | 2017-03-31 | Books |